[Event "Spakenburg FishPartners op"]
[Site "Spakenburg"]
[Date "2025.07.05"]
[Round "3"]
[White "Steenbekkers, Franck"]
[Black "Lai, Hing Ting"]
[Result "0-1"]
[WhiteElo "2164"]
[BlackElo "2451"]
[PlyCount "40"]
[EventDate "2025.07.05"]
[EventType "swiss (rapid)"]
[EventRounds "7"]
[EventCountry "NED"]
[SourceTitle "CB28_2025"]
[SourceDate "2025.07.09"]
[SourceVersion "1"]
[SourceVersionDate "2025.07.09"]
[SourceQuality "1"]

1. e4 c5 2. Nf3 Nc6 3. Bb5 g6 4. 0-0 Bg7 5. Re1 e5 6. c3 Nge7 7. d4 cxd4 8. cxd4 exd4 9. Bf4 a6 10. Ba4 b5 11. Bb3 d6 12. Nbd2 0-0 13. a4 Rb8 14. axb5 axb5 15. h3 Ne5 16. Nxd4 Nd3 17. Be3 Nxe1 18. Qxe1 Bb7 19. Qe2 d5 20. Bf4 Bxd4 0-1

[Event "Hilversum op"]
[Site "Hilversum"]
[Date "2025.06.21"]
[Round "3"]
[White "Lai, Hing Ting"]
[Black "Zhu, Chenwu"]
[Result "0-1"]
[WhiteElo "2464"]
[BlackElo "2188"]
[PlyCount "88"]
[EventDate "2025.06.20"]
[EventType "swiss"]
[EventRounds "6"]
[EventCountry "NED"]
[SourceTitle "CB26_2025"]
[SourceDate "2025.06.25"]
[SourceVersion "1"]
[SourceVersionDate "2025.06.25"]
[SourceQuality "1"]

1. Nf3 Nf6 2. g3 d5 3. Bg2 Bf5 4. 0-0 e6 5. c4 c6 6. cxd5 exd5 7. d3 Be7 8. Nc3 0-0 9. Nd4 Bd7 10. e4 c5 11. Nf3 d4 12. Nd5 Nxd5 13. exd5 Bd6 14. Nd2 Bf5 15. Nc4 b5 16. Bg5 Qxg5 17. Nxd6 Nd7 18. a4 bxa4 19. Rxa4 h5 20. b4 cxb4 21. Rxb4 Qe7 22. Nxf5 Qxb4 23. d6 Rae8 24. Qxh5 Re5 25. Qg4 Rxf5 26. Qxf5 Qxd6 27. Ra1 a6 28. Qa5 Nc5 29. Qb4 Rb8 30. Qc4 Rc8 31. h4 Rc7 32. Qb4 g6 33. Bd5 Kh7 34. Bc4 Qe5 35. Re1 Qf5 36. Qb8 Rb7 37. Qe5 Rb1 38. Kg2 Nxd3 39. Bxd3 Rxe1 40. Qxe1 Qxd3 41. Qe7 Qf5 42. Qd6 d3 43. f3 Qb5 44. Qf6 Qd5 0-1

[Event "Hilversum op"]
[Site "Hilversum"]
[Date "2025.06.20"]
[Round "1"]
[White "Lai, Hing Ting"]
[Black "Van T Hoff, Tom"]
[Result "1-0"]
[WhiteElo "2464"]
[BlackElo "2039"]
[PlyCount "35"]
[EventDate "2025.06.20"]
[EventType "swiss"]
[EventRounds "6"]
[EventCountry "NED"]
[SourceTitle "CB26_2025"]
[SourceDate "2025.06.25"]
[SourceVersion "1"]
[SourceVersionDate "2025.06.25"]
[SourceQuality "1"]

1. d4 Nf6 2. c4 e6 3. Nf3 d5 4. Nc3 dxc4 5. e3 a6 6. a4 c5 7. Bxc4 Nc6 8. 0-0 Be7 9. Qe2 cxd4 10. Rd1 e5 11. exd4 Nxd4 12. Qxe5 Nxf3+ 13. gxf3 Bd7 14. Bg5 0-0 15. Ne4 Re8 16. Bxf6 Bxf6 17. Bxf7+ Kh8 18. Qd6 1-0

[Event "Rotterdam blitz Final AB"]
[Site "Rotterdam"]
[Date "2024.09.14"]
[Round "7"]
[White "Blom, Vincent"]
[Black "Lai, Hing Ting"]
[Result "0-1"]
[WhiteElo "2257"]
[BlackElo "2467"]
[PlyCount "88"]
[EventDate "2024.09.14"]
[EventType "tourn"]
[EventRounds "11"]
[EventCountry "NED"]
[EventCategory "3"]
[SourceTitle "EXT 2025"]
[Source "ChessBase"]
[SourceDate "2024.10.14"]
[SourceVersion "1"]
[SourceVersionDate "2024.10.14"]
[SourceQuality "1"]

1. c4 c5 2. Nc3 Nc6 3. b3 g6 4. Bb2 Bg7 5. g3 e6 6. Bg2 Nge7 7. Na4 Bxb2 8. Nxb2 d5 9. cxd5 exd5 10. Nf3 0-0 11. 0-0 Bg4 12. h3 Bxf3 13. Bxf3 Rc8 14. Rc1 b6 15. h4 h5 16. Bg2 Rc7 17. Nd3 Qd6 18. Nf4 Rd8 19. d3 Qf6 20. Qd2 Rcd7 21. Bh3 Rd6 22. Rfe1 Nd4 23. Bg2 Ndf5 24. b4 c4 25. b5 Rc8 26. Qc3 d4 27. Qa3 c3 28. Qxa7 Kf8 29. Qa3 Nxh4 30. e4 dxe3 31. Rxe3 Nxg2 32. Kxg2 Nf5 33. Re4 h4 34. g4 Nd4 35. Ne6+ Kg8 36. Qxd6 Qf3+ 37. Kg1 Nxe6 38. Rxe6 Qxg4+ 39. Kh2 Qxe6 40. Qd4 c2 41. a4 Qe2 42. Kh3 Qf3+ 43. Kxh4 Rc5 44. Qd8+ Kh7 0-1

[Event "Rotterdam blitz Final AB"]
[Site "Rotterdam"]
[Date "2024.09.14"]
[Round "2"]
[White "Lai, Hing Ting"]
[Black "Rademakers, Evert"]
[Result "1-0"]
[WhiteElo "2467"]
[BlackElo "2236"]
[PlyCount "39"]
[EventDate "2024.09.14"]
[EventType "tourn"]
[EventRounds "11"]
[EventCountry "NED"]
[EventCategory "3"]
[SourceTitle "EXT 2025"]
[Source "ChessBase"]
[SourceDate "2024.10.14"]
[SourceVersion "1"]
[SourceVersionDate "2024.10.14"]
[SourceQuality "1"]

1. b3 h5 2. Bb2 h4 3. h3 Nf6 4. Nf3 d5 5. e3 c6 6. d4 Bf5 7. Bd3 g6 8. 0-0 Nbd7 9. c4 e6 10. Nc3 Bd6 11. Qe2 Ne4 12. Rad1 Qf6 13. Bxe4 Bxe4 14. Nd2 Qf5 15. Ndxe4 dxe4 16. f3 exf3 17. Rxf3 Qa5 18. Ne4 Ba3 19. d5 0-0 20. dxe6 1-0

[Event "Rotterdam blitz Final AB"]
[Site "Rotterdam"]
[Date "2024.09.14"]
[Round "5"]
[White "Skrobic, Dragan"]
[Black "Lai, Hing Ting"]
[Result "0-1"]
[WhiteElo "2100"]
[BlackElo "2467"]
[PlyCount "72"]
[EventDate "2024.09.14"]
[EventType "tourn"]
[EventRounds "11"]
[EventCountry "NED"]
[EventCategory "3"]
[SourceTitle "EXT 2025"]
[Source "ChessBase"]
[SourceDate "2024.10.14"]
[SourceVersion "1"]
[SourceVersionDate "2024.10.14"]
[SourceQuality "1"]

1. e4 c5 2. Nf3 e6 3. Nc3 a6 4. d4 cxd4 5. Nxd4 Nc6 6. Nxc6 bxc6 7. Bd3 d5 8. 0-0 Nf6 9. exd5 cxd5 10. Qf3 Bd6 11. Bg5 h6 12. Bh4 Rb8 13. Rab1 Rb4 14. Bg3 0-0 15. Qe2 Bxg3 16. hxg3 Qd6 17. b3 e5 18. Rbd1 Bb7 19. Rfe1 Re8 20. Qd2 Qf8 21. Na4 Bc6 22. Nc3 a5 23. Nb1 h5 24. a3 Rg4 25. Qxa5 h4 26. Be2 Rg6 27. gxh4 d4 28. Bf1 Qd6 29. Nd2 Nd5 30. Nc4 Qf6 31. Rd3 e4 32. Rg3 e3 33. Re2 Nf4 34. Rxg6 Nxe2+ 35. Bxe2 Qxf2+ 36. Kh2 fxg6 0-1

[Event "Bundesliga 2324"]
[Site "Germany"]
[Date "2024.04.28"]
[Round "15.7"]
[White "Van Osch, Mees"]
[Black "Lai, Hing Ting"]
[Result "1/2-1/2"]
[WhiteElo "2330"]
[BlackElo "2465"]
[PlyCount "86"]
[EventDate "2023.10.21"]
[EventType "team-tourn"]
[EventRounds "15"]
[EventCountry "GER"]
[SourceTitle "CBM 219 Extra"]
[Source "ChessBase"]
[SourceDate "2024.05.31"]
[SourceVersion "1"]
[SourceVersionDate "2024.05.31"]
[SourceQuality "1"]
[WhiteTeam "Muelheim Nord"]
[BlackTeam "Oetigheim"]
[WhiteTeamCountry "GER"]
[BlackTeamCountry "GER"]

1. e4 c6 2. d4 d5 3. e5 Bf5 4. h4 Qb6 5. c4 dxc4 6. Na3 e6 7. Nxc4 Qd8 8. Nf3 Nd7 9. Ne3 Be4 10. Ng5 Bg6 11. h5 Qxg5 12. hxg6 Qxg6 13. Bd3 Qg5 14. Qf3 Nh6 15. Nd5 Qd8 16. Nc3 Qb6 17. Bxh6 gxh6 18. 0-0-0 0-0-0 19. Bc2 c5 20. dxc5 Bxc5 21. Na4 Qc7 22. Nxc5 Qxc5 23. Qxf7 Rhf8 24. Qxh7 Nxe5 25. f3 Nc4 26. Qe4 Qg5+ 27. f4 Rxf4 28. Qxe6+ Kc7 29. Rh5 Qxh5 30. Qe7+ Kc6 31. Rxd8 Rf1+ 32. Bd1 Qg5+ 33. Qxg5 hxg5 34. Rd3 Ne5 35. Re3 g4 36. Kd2 Rf4 37. Be2 Kd5 38. Rb3 b6 39. Rb5+ Ke4 40. Rb4+ Kf5 41. Rb3 Rf2 42. g3 Rg2 43. Ke1 Rh2 1/2-1/2

[Event "Bundesliga 2324"]
[Site "Germany"]
[Date "2024.04.27"]
[Round "14.8"]
[White "Lai, Hing Ting"]
[Black "Krastev, Alexander"]
[Result "0-1"]
[WhiteElo "2465"]
[BlackElo "2423"]
[PlyCount "108"]
[EventDate "2023.10.21"]
[EventType "team-tourn"]
[EventRounds "15"]
[EventCountry "GER"]
[SourceTitle "CBM 219 Extra"]
[Source "ChessBase"]
[SourceDate "2024.05.31"]
[SourceVersion "1"]
[SourceVersionDate "2024.05.31"]
[SourceQuality "1"]
[WhiteTeam "Oetigheim"]
[BlackTeam "Solingen"]
[WhiteTeamCountry "GER"]
[BlackTeamCountry "GER"]

1. d4 d5 2. c4 e6 3. Nc3 Nf6 4. cxd5 exd5 5. Bg5 c6 6. e3 Bd6 7. Bd3 0-0 8. Nge2 Re8 9. Qd2 Nbd7 10. f3 h6 11. Bh4 Nf8 12. 0-0 Be7 13. Bf2 Ne6 14. Ng3 c5 15. Nf5 cxd4 16. exd4 Bd7 17. Bh4 Bc6 18. Rae1 Bf8 19. Re5 g5 20. Bf2 Nd7 21. Ree1 Qf6 22. Ne3 Nf4 23. Bb1 Bg7 24. Nf5 Nf8 25. Be3 N8g6 26. g3 Ne6 27. b4 a6 28. a4 b5 29. axb5 axb5 30. Bf2 Bf8 31. Bd3 Ra3 32. Qb2 Rea8 33. Bb1 Nc7 34. Kg2 Bd7 35. Ne3 Qd6 36. Rc1 h5 37. Qc2 R3a7 38. Rfe1 Be6 39. Nf5 Qd7 40. Re5 Ne8 41. Ne3 Rc8 42. Rxg5 Rac7 43. Qb2 Nf6 44. h4 Bh6 45. Bxg6 fxg6 46. Rxg6+ Bg7 47. Qd2 Bf7 48. Rg5 Nh7 49. Rf5 Bh6 50. g4 hxg4 51. fxg4 Bg6 52. g5 Bxf5 53. gxh6 Nf6 54. Bg3 Ne4 0-1

[Event "Bundesliga 2324"]
[Site "Germany"]
[Date "2024.02.24"]
[Round "10.3"]
[White "Lai, Hing Ting"]
[Black "Heimann, Andreas"]
[Result "1/2-1/2"]
[WhiteElo "2465"]
[BlackElo "2552"]
[PlyCount "40"]
[EventDate "2023.10.21"]
[EventType "team-tourn"]
[EventRounds "15"]
[EventCountry "GER"]
[SourceTitle "CBM 218 Extra"]
[Source "ChessBase"]
[SourceDate "2024.03.31"]
[SourceVersion "1"]
[SourceVersionDate "2024.03.31"]
[SourceQuality "1"]
[WhiteTeam "Oetigheim"]
[BlackTeam "Deizisau"]
[WhiteTeamCountry "GER"]
[BlackTeamCountry "GER"]

1. Nf3 d5 2. g3 g6 3. Bg2 Bg7 4. d4 Nf6 5. 0-0 0-0 6. Nbd2 c6 7. c4 Bf5 8. b3 Ne4 9. Bb2 Nd7 10. Nh4 Nxd2 11. Qxd2 Be6 12. cxd5 cxd5 13. Qb4 a5 14. Qxb7 a4 15. Nf3 Rb8 16. Qc6 axb3 17. axb3 Rxb3 18. Ba3 Bf6 19. Qa4 Rb8 20. Rfc1 Ra8 1/2-1/2

[Event "BEL-chT 2324"]
[Site "Belgium"]
[Date "2024.01.28"]
[Round "6.2"]
[White "Lai, Hing Ting"]
[Black "Beukema, Jasper"]
[Result "1-0"]
[WhiteElo "2483"]
[BlackElo "2351"]
[PlyCount "67"]
[EventDate "2023.09.24"]
[EventType "team-tourn"]
[EventRounds "11"]
[EventCountry "BEL"]
[SourceTitle "EXT 2025"]
[Source "ChessBase"]
[SourceDate "2024.10.14"]
[SourceVersion "1"]
[SourceVersionDate "2024.10.14"]
[SourceQuality "1"]
[WhiteTeam "Crelel"]
[BlackTeam "KOSK"]
[WhiteTeamCountry "BEL"]
[BlackTeamCountry "BEL"]

1. d4 d5 2. Nf3 Nf6 3. Bf4 c5 4. e3 Nc6 5. Nbd2 Qb6 6. dxc5 Qxc5 7. a3 g6 8. b4 Qb6 9. c4 Bg7 10. c5 Qd8 11. b5 Na5 12. Be5 0-0 13. Rc1 Ne4 14. Bxg7 Kxg7 15. Bd3 Bf5 16. Qc2 Nxd2 17. Nxd2 Bxd3 18. Qxd3 e6 19. 0-0 Qf6 20. c6 Rac8 21. c7 Rfe8 22. e4 Re7 23. exd5 exd5 24. Qxd5 Rcxc7 25. Ne4 Qb2 26. Rxc7 Rxc7 27. Nd6 Re7 28. Qg5 Re5 29. Qd8 Qxa3 30. Qc7 Qb4 31. Qxf7+ Kh6 32. Qf6 Re1 33. Nf7+ Kh5 34. Qg5# 1-0

[Event "BEL-chT 2324"]
[Site "Belgium"]
[Date "2023.11.19"]
[Round "4.2"]
[White "Lai, Hing Ting"]
[Black "Feygin, Michael"]
[Result "1-0"]
[WhiteElo "2464"]
[BlackElo "2466"]
[PlyCount "71"]
[EventDate "2023.09.24"]
[EventType "team-tourn"]
[EventRounds "11"]
[EventCountry "BEL"]
[SourceTitle "EXT 2025"]
[Source "ChessBase"]
[SourceDate "2024.10.14"]
[SourceVersion "1"]
[SourceVersionDate "2024.10.14"]
[SourceQuality "1"]
[WhiteTeam "Crelel"]
[BlackTeam "KSK Rochade"]
[WhiteTeamCountry "BEL"]
[BlackTeamCountry "BEL"]

1. d4 Nf6 2. Nf3 e6 3. Bf4 c5 4. e3 Nc6 5. Nbd2 d5 6. c3 Bd6 7. Bg3 0-0 8. Bb5 cxd4 9. exd4 Qc7 10. 0-0 Bd7 11. Qe2 Ne7 12. Bd3 Nf5 13. Bxd6 Nxd6 14. Ne5 Qb6 15. b3 Rac8 16. Rac1 Qa5 17. c4 dxc4 18. bxc4 Rfd8 19. Rfe1 Be8 20. Ndf3 Nf5 21. d5 Qb6 22. Qd2 Ne7 23. Rb1 Qc7 24. dxe6 fxe6 25. Ng5 Rd6 26. Qf4 Qa5 27. Nxh7 Nxh7 28. Bxh7+ Kxh7 29. Qh4+ Kg8 30. Qxe7 Rcd8 31. h4 b6 32. c5 Qxc5 33. Rbc1 Qb4 34. Nc4 Bf7 35. a3 Qc5 36. Ne5 1-0

[Event "NED-ch Blitz Final"]
[Site "Rotterdam"]
[Date "2023.09.09"]
[Round "3"]
[White "Lai, Hing Ting"]
[Black "Lombaers, Peter"]
[Result "1-0"]
[WhiteElo "2463"]
[BlackElo "2372"]
[PlyCount "63"]
[EventDate "2023.09.09"]
[EventType "tourn (blitz)"]
[EventRounds "11"]
[EventCountry "NED"]
[EventCategory "9"]
[SourceTitle "CBM 216 Extra"]
[Source "ChessBase"]
[SourceDate "2023.11.30"]
[SourceVersion "1"]
[SourceVersionDate "2023.11.30"]
[SourceQuality "1"]

1. d4 Nf6 2. Bg5 d5 3. e3 c5 4. Bxf6 exf6 5. dxc5 Bxc5 6. c3 Nc6 7. Nd2 0-0 8. Ngf3 Re8 9. Be2 Bf5 10. 0-0 Qd7 11. Nb3 Bb6 12. Nfd4 Be4 13. a4 a6 14. a5 Bc7 15. Bf3 Qd6 16. g3 Bxf3 17. Nxf3 Rad8 18. Qe2 f5 19. Qd3 g6 20. Rfd1 h5 21. Kg2 Bb8 22. Nbd4 Bc7 23. b4 Nb8 24. Nb3 Nd7 25. Qxd5 Nf6 26. Qxb7 Qe7 27. Nbd4 Ne4 28. Nc6 Qe6 29. Nxd8 Bxd8 30. Qd7 Nxc3 31. Qxe6 fxe6 32. Rd6 1-0

[Event "NED-ch Blitz Final"]
[Site "Rotterdam"]
[Date "2023.09.09"]
[Round "4"]
[White "Schoppen, Casper"]
[Black "Lai, Hing Ting"]
[Result "1/2-1/2"]
[WhiteElo "2522"]
[BlackElo "2463"]
[PlyCount "109"]
[EventDate "2023.09.09"]
[EventType "tourn (blitz)"]
[EventRounds "11"]
[EventCountry "NED"]
[EventCategory "9"]
[SourceTitle "CBM 216 Extra"]
[Source "ChessBase"]
[SourceDate "2023.11.30"]
[SourceVersion "1"]
[SourceVersionDate "2023.11.30"]
[SourceQuality "1"]

1. d4 Nf6 2. Nf3 e6 3. c4 b6 4. g3 Ba6 5. b3 Bb4+ 6. Bd2 Be7 7. Bg2 d5 8. cxd5 exd5 9. 0-0 0-0 10. Nc3 c6 11. Bg5 Nbd7 12. Rc1 Bd6 13. Re1 h6 14. Bxf6 Nxf6 15. e3 Qe7 16. Bf1 Bxf1 17. Rxf1 Rac8 18. Qe2 Rfe8 19. Rfd1 Qd7 20. Kg2 g6 21. Rc2 Kg7 22. Rdc1 Ba3 23. Rb1 Bd6 24. b4 Qf5 25. a3 Re7 26. Rbc1 Rec7 27. Nd2 h5 28. Qf3 Qe6 29. h3 Re7 30. Nd1 Bb8 31. Nb2 Nh7 32. h4 Ree8 33. a4 Qd7 34. Nd3 Nf6 35. Qe2 Ng4 36. Nf3 Bd6 37. Rc3 Rc7 38. b5 cxb5 39. Rxc7 Bxc7 40. axb5 Bb8 41. Nb4 Qd6 42. Nc6 Qe6 43. Ng5 Qd7 44. Nxb8 Rxb8 45. Rc6 Re8 46. Qf3 Re7 47. Qf4 a6 48. Rxb6 axb5 49. Rb8 Qa7 50. Rxb5 Qa2 51. Kg1 Qa1+ 52. Kg2 Qa2 53. Kg1 Qa1+ 54. Kg2 Qa2 55. Kg1 1/2-1/2

[Event "NED-ch Blitz Final"]
[Site "Rotterdam"]
[Date "2023.09.09"]
[Round "8"]
[White "Ten Hertog, Hugo"]
[Black "Lai, Hing Ting"]
[Result "0-1"]
[WhiteElo "2523"]
[BlackElo "2463"]
[PlyCount "92"]
[EventDate "2023.09.09"]
[EventType "tourn (blitz)"]
[EventRounds "11"]
[EventCountry "NED"]
[EventCategory "9"]
[SourceTitle "CBM 216 Extra"]
[Source "ChessBase"]
[SourceDate "2023.11.30"]
[SourceVersion "1"]
[SourceVersionDate "2023.11.30"]
[SourceQuality "1"]

1. e4 c6 2. d4 d5 3. e5 Bf5 4. Nf3 e6 5. Be2 c5 6. Be3 cxd4 7. Nxd4 Ne7 8. 0-0 Nbc6 9. Bb5 a6 10. Bxc6+ bxc6 11. c4 dxc4 12. Qa4 Qd7 13. Na3 Nd5 14. Nxf5 exf5 15. Nxc4 Be7 16. Rad1 0-0 17. a3 Qe6 18. Rfe1 Rfb8 19. Qc2 h6 20. Bd4 f4 21. Qe4 a5 22. g3 a4 23. Rd3 Rd8 24. Bc3 Bf8 25. Kg2 Rab8 26. Rf3 fxg3 27. hxg3 Rb3 28. Rc1 Rdb8 29. Qe2 R3b5 30. Rd3 Rb3 31. Nd2 Nxc3 32. bxc3 Rxa3 33. Rc2 Ra2 34. Nf3 Rxc2 35. Qxc2 a3 36. c4 Ra8 37. Qa2 Ra4 38. Rc3 Bc5 39. Qb3 Ra8 40. Rc2 Qc8 41. Nd2 Qc7 42. f4 Qa7 43. Ra2 Rb8 44. Qc2 Bd4 45. Qd3 Rb2 46. Qxd4 Qxd4 0-1

[Event "NED-ch Blitz Final"]
[Site "Rotterdam"]
[Date "2023.09.09"]
[Round "10"]
[White "Warmerdam, Max"]
[Black "Lai, Hing Ting"]
[Result "0-1"]
[WhiteElo "2633"]
[BlackElo "2463"]
[PlyCount "24"]
[EventDate "2023.09.09"]
[EventType "tourn (blitz)"]
[EventRounds "11"]
[EventCountry "NED"]
[EventCategory "9"]
[SourceTitle "CBM 216 Extra"]
[Source "ChessBase"]
[SourceDate "2023.11.30"]
[SourceVersion "1"]
[SourceVersionDate "2023.11.30"]
[SourceQuality "1"]

1. e4 c6 2. d4 d5 3. exd5 cxd5 4. Nf3 Nc6 5. c3 Nf6 6. Ne5 e6 7. Bd3 Bd6 8. Qe2 Qc7 9. f4 Nxd4 10. Qe3 Nc6 11. Nxc6 Qxc6 12. 0-0 Bc5 0-1

[Event "BL2-Sued 2223"]
[Site "Germany"]
[Date "2023.03.18"]
[Round "9.3"]
[White "Kovacs, Gabor H"]
[Black "Lai, Hing Ting"]
[Result "1/2-1/2"]
[WhiteElo "2419"]
[BlackElo "2480"]
[PlyCount "102"]
[EventDate "2022.10.22"]
[EventType "team-tourn"]
[EventRounds "9"]
[EventCountry "GER"]
[SourceTitle "EXT 2024"]
[Source "ChessBase"]
[SourceDate "2023.10.10"]
[SourceVersion "1"]
[SourceVersionDate "2023.10.10"]
[SourceQuality "1"]
[WhiteTeam "Speyer Schwegenheim"]
[BlackTeam "Oetigheim"]
[WhiteTeamCountry "GER"]
[BlackTeamCountry "GER"]

1. d4 Nf6 2. c4 e6 3. Nc3 Bb4 4. e3 b6 5. Bd2 Bb7 6. Nf3 0-0 7. Bd3 c5 8. a3 Bxc3 9. Bxc3 Ne4 10. Bxe4 Bxe4 11. dxc5 bxc5 12. Qd6 Nc6 13. Qxc5 d6 14. Qg5 f6 15. Qf4 Bd3 16. Qg4 Qd7 17. Rd1 Bf5 18. Qh4 e5 19. 0-0 Qe6 20. Rfe1 Rfd8 21. h3 g5 22. Qh6 Rd7 23. e4 Bg6 24. h4 gxh4 25. Nxh4 Ne7 26. f4 Qg4 27. fxe5 fxe5 28. Nxg6 Nxg6 29. Qh3 Qxh3 30. gxh3 Rc8 31. b3 Rb7 32. Rb1 Nf4 33. Kh2 Kf7 34. Red1 Ke6 35. Bb4 Rc6 36. Rd5 Rcb6 37. Rd2 a5 38. Bxa5 Rxb3 39. Rxb3 Rxb3 40. h4 Nd3 41. Bb4 Nxb4 42. axb4 Rxb4 43. Rc2 Kd7 44. Kg3 Kc6 45. Kg4 Rb1 46. Kf5 Rh1 47. c5 dxc5 48. Kxe5 Rxh4 49. Kf5 Rh1 50. e5 Rf1+ 51. Ke6 Ra1 1/2-1/2

[Event "BL2-Sued 2223"]
[Site "Germany"]
[Date "2022.11.25"]
[Round "6.3"]
[White "Lai, Hing Ting"]
[Black "Bellahcene, Bilel"]
[Result "1/2-1/2"]
[WhiteElo "2480"]
[BlackElo "2484"]
[PlyCount "26"]
[EventDate "2022.10.22"]
[EventType "team-tourn"]
[EventRounds "9"]
[EventCountry "GER"]
[SourceTitle "EXT 2024"]
[Source "ChessBase"]
[SourceDate "2023.10.10"]
[SourceVersion "1"]
[SourceVersionDate "2023.10.10"]
[SourceQuality "1"]
[WhiteTeam "Oetigheim"]
[BlackTeam "Baden-Baden II"]
[WhiteTeamCountry "GER"]
[BlackTeamCountry "GER"]

1. d4 Nf6 2. Nf3 e6 3. Bf4 d5 4. e3 c5 5. c3 Nc6 6. Nbd2 Bd6 7. Bg3 0-0 8. Bb5 Bxg3 9. hxg3 Qb6 10. Qe2 Bd7 11. a4 a6 12. dxc5 Qxc5 13. Bxc6 Bxc6 1/2-1/2

[Event "BL2-Sued 2122"]
[Site "Germany"]
[Date "2022.07.02"]
[Round "9.4"]
[White "Lai, Hing Ting"]
[Black "David, Alexandru Vasile"]
[Result "1-0"]
[WhiteElo "2467"]
[BlackElo "2439"]
[PlyCount "97"]
[EventDate "2022.03.05"]
[EventType "team-tourn"]
[EventRounds "10"]
[EventCountry "GER"]
[SourceTitle "EXT 2023"]
[Source "ChessBase"]
[SourceDate "2022.10.05"]
[SourceVersion "1"]
[SourceVersionDate "2022.10.05"]
[SourceQuality "1"]
[WhiteTeam "Oetigheim"]
[BlackTeam "Schott Mainz"]
[WhiteTeamCountry "GER"]
[BlackTeamCountry "GER"]

1. d4 d5 2. c4 e6 3. Nc3 c5 4. cxd5 exd5 5. Nf3 Nf6 6. Bg5 Be6 7. dxc5 Bxc5 8. e3 0-0 9. Be2 h6 10. Bh4 Nc6 11. 0-0 g5 12. Bg3 Ne4 13. Rc1 Nxg3 14. hxg3 Be7 15. Na4 Bf6 16. Bb5 Rc8 17. Bxc6 Rxc6 18. Rxc6 bxc6 19. Qc2 Qd6 20. Rc1 Qb4 21. b3 g4 22. Ne1 Qa5 23. Nd3 Bf5 24. Qxc6 Bg7 25. b4 Qd8 26. Nac5 d4 27. e4 Bh7 28. a4 h5 29. Nf4 h4 30. gxh4 Qxh4 31. g3 Qe7 32. a5 Rd8 33. b5 Be5 34. Nfd3 Bb8 35. Re1 Kg7 36. e5 Bf5 37. b6 axb6 38. axb6 Rc8 39. Qd5 Rd8 40. Qc4 Bxd3 41. Nxd3 Qb7 42. e6 f6 43. Nc5 Qxb6 44. e7 Re8 45. Qxd4 Be5 46. Qxg4+ Kf7 47. Qh5+ Kxe7 48. Qh7+ Kd6 49. Qd7+ 1-0

[Event "NED-ch"]
[Site "Rotterdam"]
[Date "2021.11.28"]
[Round "2"]
[White "Lai, Hing Ting"]
[Black "Pruijssers, Roeland"]
[Result "1-0"]
[WhiteElo "2450"]
[BlackElo "2570"]
[PlyCount "111"]
[EventDate "2021.11.27"]
[EventType "tourn"]
[EventRounds "6"]
[EventCountry "NED"]
[EventCategory "12"]
[SourceTitle "CBM 205 Extra"]
[Source "ChessBase"]
[SourceDate "2022.01.31"]
[SourceVersion "1"]
[SourceVersionDate "2022.01.31"]
[SourceQuality "1"]

1. d4 Nf6 2. Nf3 d5 3. Bf4 g6 4. e3 Bg7 5. Nbd2 0-0 6. Bd3 b6 7. 0-0 Bb7 8. c3 c5 9. Qe2 Nc6 10. h3 Nd7 11. Rfd1 Re8 12. Rac1 e6 13. a3 Qe7 14. Ba6 Bxa6 15. Qxa6 c4 16. e4 Nf6 17. e5 Nh5 18. Be3 Qd7 19. a4 Nb8 20. Qb5 Qc8 21. g4 a6 22. Qxb6 Nc6 23. Nxc4 dxc4 24. Qc5 Bf8 25. Qxc4 Ng7 26. Qd3 a5 27. Qe4 Qa6 28. Qf4 Be7 29. b3 Rf8 30. Qe4 Rab8 31. Rb1 Rfc8 32. c4 Qb7 33. Rd2 Rd8 34. d5 Nb4 35. Rbd1 Rd7 36. Bg5 Rbd8 37. Bxe7 Rxe7 38. Ng5 exd5 39. cxd5 Ne8 40. e6 f6 41. Nf7 Rxf7 42. exf7+ Qxf7 43. d6 Ng7 44. Re1 Qxb3 45. Qe7 Nc6 46. Qc7 Qb4 47. Re7 Ne8 48. Qxc6 Qxd2 49. Rxe8+ Rxe8 50. Qxe8+ Kg7 51. Qe7+ Kg8 52. d7 Qc1+ 53. Kg2 Qc6+ 54. f3 Qc2+ 55. Kg3 Qc7+ 56. Kh4 1-0

[Event "NED-ch KO"]
[Site "Hoogeveen"]
[Date "2021.10.20"]
[Round "2.2"]
[White "Janssen, Ruud"]
[Black "Lai, Hing Ting"]
[Result "1-0"]
[WhiteElo "2528"]
[BlackElo "2439"]
[PlyCount "81"]
[EventDate "2021.10.15"]
[EventType "k.o."]
[EventRounds "3"]
[EventCountry "NED"]
[SourceTitle "EXT 2023"]
[Source "ChessBase"]
[SourceDate "2022.10.05"]
[SourceVersion "1"]
[SourceVersionDate "2022.10.05"]
[SourceQuality "1"]

1. c4 Nf6 2. Nc3 e6 3. e4 d5 4. e5 d4 5. exf6 dxc3 6. bxc3 Qxf6 7. Nf3 Nc6 8. Bd3 Ne5 9. Be4 Nxf3+ 10. Bxf3 e5 11. 0-0 Be7 12. Rb1 c6 13. Re1 0-0 14. Qe2 Bd6 15. d4 exd4 16. cxd4 Qxd4 17. Rb3 Be6 18. Rd3 Bxh2+ 19. Kxh2 Qh4+ 20. Kg1 Bxc4 21. g3 Bxd3 22. Qxd3 Qf6 23. Kg2 Rfe8 24. Rh1 h6 25. Qb3 Re7 26. Bb2 Qe6 27. Qc3 f6 28. Rh4 Qf7 29. a4 Rd8 30. a5 a6 31. Rg4 Kh8 32. Rf4 Re6 33. Qc2 Red6 34. Qf5 Qd7 35. Qh5 Qe8 36. Qh4 Qf7 37. Be4 Re6 38. Qg4 Qg8 39. Qg6 Rxe4 40. Rxe4 Qd5 41. Bxf6 1-0

[Event "NED-ch KO"]
[Site "Hoogeveen"]
[Date "2021.10.20"]
[Round "2.5"]
[White "Janssen, Ruud"]
[Black "Lai, Hing Ting"]
[Result "0-1"]
[WhiteElo "2528"]
[BlackElo "2439"]
[PlyCount "97"]
[EventDate "2021.10.15"]
[EventType "k.o."]
[EventRounds "3"]
[EventCountry "NED"]
[SourceTitle "EXT 2023"]
[Source "ChessBase"]
[SourceDate "2022.10.05"]
[SourceVersion "1"]
[SourceVersionDate "2022.10.05"]
[SourceQuality "1"]

1. c4 e6 2. Nc3 d5 3. d4 Bb4 4. Nf3 Nf6 5. cxd5 exd5 6. Bg5 h6 7. Bh4 0-0 8. e3 c5 9. dxc5 Be6 10. Rc1 Nbd7 11. a3 Bxc5 12. Be2 Qe7 13. 0-0 Rad8 14. b4 Bd6 15. Nb5 Bb8 16. Bg3 Bxg3 17. hxg3 a6 18. Nbd4 Nb6 19. Nxe6 fxe6 20. Ne5 Qd6 21. Qd4 Nbd7 22. Nxd7 Rxd7 23. Rfd1 e5 24. Qc5 Qe6 25. Bd3 g5 26. Bb1 Kg7 27. Rc2 Rff7 28. Rcd2 Rd6 29. Qa5 Rfd7 30. b5 h5 31. bxa6 Rxa6 32. Qb4 Qd6 33. Qb2 Rxa3 34. Qc2 e4 35. Ba2 Ra5 36. Qc3 Rc5 37. Qb4 Kg6 38. Qb2 h4 39. gxh4 gxh4 40. Rd4 Qe5 41. Qe2 Rd6 42. f4 Qf5 43. Qb2 b6 44. Qf2 Qg4 45. Kh1 Qg3 46. Kg1 Kf5 47. Kf1 Rd7 48. Bb1 Ke6 49. Qxg3 0-1